Memories of Sherlock Holmes (Record no. 80873)
[ view plain ]
| 000 -LEADER | |
|---|---|
| fixed length control field | 01225nam a2200217Ia 4500 |
| 003 - CONTROL NUMBER IDENTIFIER | |
| control field | OSt |
| 005 - DATE AND TIME OF LATEST TRANSACTION | |
| control field | 20260223094218.0 |
| 008 - FIXED-LENGTH DATA ELEMENTS--GENERAL INFORMATION | |
| fixed length control field | 210210b1970 xxu||||| |||| 00| 0 eng d |
| 020 ## - INTERNATIONAL STANDARD BOOK NUMBER | |
| International Standard Book Number | 425 00816 3 |
| 040 ## - CATALOGING SOURCE | |
| Transcribing agency | AL |
| 041 ## - LANGUAGE CODE | |
| Language code of text/sound track or separate title | eng |
| 082 ## - DEWEY DECIMAL CLASSIFICATION NUMBER | |
| Classification number | 823.91 CONM |
| 100 ## - MAIN ENTRY--PERSONAL NAME | |
| Personal name | Arthur Conan Doyle |
| 9 (RLIN) | 256397 |
| 245 ## - TITLE STATEMENT | |
| Title | Memories of Sherlock Holmes |
| 260 ## - PUBLICATION, DISTRIBUTION, ETC. | |
| Place of publication, distribution, etc. | New York. |
| Name of publisher, distributor, etc. | Berkley Publishing Corporation |
| Date of publication, distribution, etc. | 1970 |
| 300 ## - PHYSICAL DESCRIPTION | |
| Extent | 255 |
| 520 ## - SUMMARY, ETC. | |
| Summary, etc. | The Memoirs of Sherlock Holmes is a collection of captivating detective stories that showcase the brilliant mind of Sherlock Holmes and the unwavering loyalty of his trusted companion, Dr. Watson. Arthur Conan Doyle's masterful storytelling keeps readers engaged as they unravel perplexing mysteries alongside the iconic duo.<br/>Twelve thrilling tales filled with suspense, deduction, and unexpected twists.<br/>Intricate plots that challenge Holmes's renowned deductive abilities.<br/>Memorable characters and intricate character development.<br/>A captivating blend of crime, intrigue, and intellectual prowess.<br/>A must-have addition to any mystery lover's library, promising hours of immersive reading pleasure. |
| 690 ## - LOCAL SUBJECT ADDED ENTRY--TOPICAL TERM (OCLC, RLIN) | |
| Topical term or geographic name as entry element | English Fiction |
| 9 (RLIN) | 256398 |
| 906 ## - LOCAL DATA ELEMENT F, LDF (RLIN) | |
| a | 029660 |
| 942 ## - ADDED ENTRY ELEMENTS (KOHA) | |
| Source of classification or shelving scheme | Dewey Decimal Classification |
| Koha item type | Book |
| Withdrawn status | Lost status | Source of classification or shelving scheme | Damaged status | Not for loan | Collection code | Home library | Current library | Shelving location | Date acquired | Cost, normal purchase price | Total Checkouts | Full call number | Barcode | Date last seen | Price effective from | Koha item type |
|---|---|---|---|---|---|---|---|---|---|---|---|---|---|---|---|---|
| Dewey Decimal Classification | English | St Aloysius Library | St Aloysius Library | Secondary stack section | 02/17/2021 | 0.00 | 823.91 CONM | 029660 | 02/17/2021 | 02/17/2021 | Book |